[Event "RUS-chT 19th"]
[Site "Sochi"]
[Date "2012.04.15"]
[Round "7"]
[White "Pogonina, Natalija"]
[Black "Vdovytchenko, Sergey"]
[Result "1-0"]
[WhiteElo "2449"]
[BlackElo "1953"]
[PlyCount "97"]
[EventDate "2012.04.09"]
[EventType "team-swiss"]
[EventRounds "7"]
[EventCountry "RUS"]
[SourceTitle "CBM 148"]
[Source "ChessBase"]
[SourceDate "2012.05.16"]
[SourceVersion "1"]
[SourceVersionDate "2012.05.16"]
[SourceQuality "1"]
[WhiteTeam "Belgorod Rakita"]
[BlackTeam "Belgorod Region"]
[WhiteTeamCountry "RUS"]
[BlackTeamCountry "RUS"]

1. e4 e6 2. d4 d5 3. Nd2 Nf6 4. e5 Nfd7 5. f4 c5 6. Ngf3 Nc6 7. Nb3 cxd4 8. Nfxd4 Nc5 9. Be3 Nxb3 10. Nxb3 Be7 11. Be2 0-0 12. 0-0 f6 13. exf6 Bxf6 14. c3 b6 15. Qd2 Bd7 16. Rad1 Ne7 17. Nd4 Bxd4 18. Bxd4 Nf5 19. Be5 Bc6 20. Bg4 Qh4 21. Bh3 Rad8 22. Qe2 Qe7 23. Rfe1 Bd7 24. g3 Bc8 25. Qd3 Qf7 26. Rd2 Nd6 27. Bxd6 Rxd6 28. Re5 Rfd8 29. Qe3 Qf6 30. Rd4 Qg6 31. Qe1 Qf7 32. a3 Qg6 33. Qe2 Qb1+ 34. Kg2 Qg6 35. Bg4 Qf7 36. h4 h6 37. Bh3 Qf6 38. h5 Rc6 39. Kf2 Rf8 40. Ke1 Qf7 41. Kd2 Bd7 42. Kc1 Rfc8 43. Kb1 b5 44. f5 Re8 45. fxe6 Bxe6 46. Rdxd5 Bxd5 47. Rxe8+ Kh7 48. Re5 Rf6 49. Qd3+ 1-0